000 01094nam0a2200325 4500
001 RU\NLR\bibl\1427940
005 20250615220735.0
010 _a978-5-17-021224-8
_bАСТ
010 _a978-5-9713-0852-2
_bАСТ МОСКВА
_910000
021 _aRU
_b2009-67208
_94144
021 _aRU
_b2009-67222
_94145
035 _a(NLR Aleph) 001419861
090 _a1335773
_c1335773
100 _a20090820d2009 |||y0rusy50 ca
101 1 _arus
_ceng
102 _aRU
105 _ay |||||||||
200 1 _aБойцовский клуб
_eроман
_fЧак Паланик
_g[пер. с англ. Ильи Кормильцева]
210 _aМосква
_cАСТ
_d2009
215 _a252, [1] с.
_d17
225 1 _aАльтернатива
686 _aШ5(7США)62-644
_2rubbk
686 _aШ6(7США)67-440.4{Лх1979-50}
700 1 _4070
_7ca
_8rus
_aПаланик
_bЧ.
_f1962-
_gЧак
_9217774
_3RU\NLR\AUTH\770217830
801 0 _aRU
_bРКП
_c20090820
_grcr
801 1 _aRU
_bРГБ
_c20090820
801 2 _aRU
_bNLR
_c20091020
_grcr
942 _cBOOK
980 _aNB